[Event "2nd GMA World Cup prel  #3"]
[Site "Palma de Mallorca"]
[Date "1989.??.??"]
[Round "4"]
[White "Westerinen, Heikki"]
[Black "Ftacnik, Lubomir"]
[Result "0-1"]
[WhiteElo "2435"]
[BlackElo "2550"]
[EventDate "1989.12.??"]
[PlyCount "86"]

1.e4 c5 2.Nf3 d6 3.d4 cxd4 4.Nxd4 Nf6 5.Nc3 a6 6.a4 Nc6 7.Be2 e6 8.f4 Qc7 
9.Be3 Be7 10.O-O O-O 11.Kh1 Re8 12.Bd3 Bd7 13.Qf3 Nb4 14.a5 Bc6 15.Qh3 Nd7
16.f5 e5 17.Nb3 Nf6 18.Bb6 Qc8 19.Rae1 Bd8 20.Bxd8 Qxd8 21.Rd1 Qe7 22.Rfe1
Rad8 23.Nd2 d5 24.exd5 Nxd3 25.cxd3 Nxd5 26.Nxd5 Rxd5 27.Nc4 Red8 28.Re3 
f6 29.Qh5 Qf7 30.Qxf7+ Kxf7 31.Kg1 Rd4 32.b3 Be4 33.Nb2 Bxf5 34.Rc1 Be6 
35.Rc3 h5 36.Kf2 h4 37.Na4 Rb4 38.Rc7+ Rd7 39.Rxd7+ Bxd7 40.Nc5 Bc6 41.Re2
Ke7 42.Rc2 Kd6 43.Ke3 f5 0-1

[Event "2nd GMA World Cup prel  #3"]
[Site "Palma de Mallorca"]
[Date "1989.??.??"]
[Round "4"]
[White "Abramovic, Bosko"]
[Black "Vasiukov, Evgeny"]
[Result "1/2-1/2"]
[WhiteElo "2465"]
[BlackElo "2515"]
[EventDate "1989.12.??"]
[PlyCount "104"]

1.e4 e5 2.Nf3 Nc6 3.Bb5 Nf6 4.O-O Bc5 5.Nxe5 Nxe5 6.d4 c6 7.dxe5 Nxe4 8.
Bd3 d5 9.exd6 Nf6 10.Nc3 Be6 11.Bg5 Qxd6 12.Bxf6 gxf6 13.Ne4 Qe5 14.Nxc5 
Qxc5 15.Qf3 Qg5 16.Qe3 Qxe3 17.fxe3 Ke7 18.Rf4 h5 19.Raf1 Rh6 20.Rh4 Rg8 
21.Rff4 Rg5 22.Kf2 a5 23.a3 b5 24.b4 axb4 25.axb4 Rh8 26.Be2 Rhg8 27.Bf3 
c5 28.Rxh5 Rc8 29.h4 Rxh5 30.Bxh5 cxb4 31.Bd1 Bc4 32.h5 Rh8 33.Rh4 Ke6 34.
Be2 b3 35.cxb3 Bxb3 36.Bxb5 Kf5 37.Be2 Kg5 38.Rg4+ Kh6 39.Rf4 Kg5 40.Rb4 
Be6 41.Rb5+ Kh6 42.Rb4 Rg8 43.Bf3 Rg5 44.Rf4 Kg7 45.Ke2 Ra5 46.Kd3 Ra3+ 
47.Kd4 Ra5 48.Re4 Kh6 49.Kc3 Bd5 50.Rf4 Bxf3 51.Rxf6+ Kg7 52.Rxf3 Rxh5 
1/2-1/2

[Event "2nd GMA World Cup prel  #3"]
[Site "Palma de Mallorca"]
[Date "1989.??.??"]
[Round "4"]
[White "Arnason, Jon"]
[Black "Palatnik, Semon"]
[Result "1/2-1/2"]
[WhiteElo "2520"]
[BlackElo "2460"]
[EventDate "1989.12.??"]
[PlyCount "36"]

1.e4 Nf6 2.e5 Nd5 3.d4 d6 4.Nf3 g6 5.Bc4 c6 6.O-O Bg7 7.Re1 Bg4 8.Nbd2 
dxe5 9.dxe5 e6 10.h3 Bxf3 11.Nxf3 Nd7 12.Bf1 h6 13.h4 Qc7 14.c4 Ne7 15.Qd4
c5 16.Qe4 Nc6 17.Bf4 O-O-O 18.Rad1 Nb6 1/2-1/2

[Event "2nd GMA World Cup prel  #3"]
[Site "Palma de Mallorca"]
[Date "1989.??.??"]
[Round "4"]
[White "Larsen, Bent"]
[Black "Hernandez Onna, Roman"]
[Result "0-1"]
[WhiteElo "2530"]
[BlackElo "2450"]
[EventDate "1989.12.??"]
[PlyCount "42"]

1.c4 e6 2.Nf3 d5 3.d4 c5 4.cxd5 exd5 5.g3 Nf6 6.Bg2 Nc6 7.O-O Be7 8.dxc5 
O-O 9.Be3 Ng4 10.Bd4 Nxd4 11.Nxd4 Bxc5 12.Nc3 Qf6 13.e3 Qh6 14.Nf3 Be6 15.
Qd3 Rad8 16.Rfe1 Nf6 17.Rac1 Bg4 18.Nd4 Bh3 19.Nce2 Bxg2 20.Kxg2 Ng4 21.h3
Qxh3+ 0-1

[Event "2nd GMA World Cup prel  #3"]
[Site "Palma de Mallorca"]
[Date "1989.??.??"]
[Round "4"]
[White "Popovic, Petar"]
[Black "Donaldson-Akhmilovskaya, Elena"]
[Result "1-0"]
[WhiteElo "2550"]
[BlackElo "2430"]
[EventDate "1989.12.??"]
[PlyCount "75"]

1.e4 e5 2.Nf3 Nc6 3.Bb5 a6 4.Ba4 Nf6 5.O-O Be7 6.Re1 b5 7.Bb3 d6 8.c3 O-O 
9.h3 Nb8 10.d4 Nbd7 11.Nbd2 Bb7 12.Bc2 Re8 13.Nf1 Bf8 14.Ng3 g6 15.a4 c5 
16.d5 c4 17.Bg5 h6 18.Be3 Nc5 19.Kh1 Bg7 20.Qd2 Kh7 21.Nh2 Nfd7 22.Rf1 Qh4
23.Ng4 Nf6 24.Nxf6+ Bxf6 25.f4 Qxg3 26.Rf3 exf4 27.Bxc5 Qxf3 28.gxf3 dxc5 
29.Qxf4 Kg7 30.Qc7 Re7 31.Qxc5 Rc8 32.Qb6 Bxd5 33.exd5 Re2 34.Be4 Rxb2 35.
Qxa6 Rb8 36.axb5 R8xb5 37.Ra2 R2b3 38.d6 1-0

[Event "2nd GMA World Cup prel  #3"]
[Site "Palma de Mallorca"]
[Date "1989.??.??"]
[Round "4"]
[White "Wojtkiewicz, Aleksander"]
[Black "Krasenkov, Mikhail"]
[Result "1-0"]
[WhiteElo "2475"]
[BlackElo "2505"]
[EventDate "1989.12.??"]
[PlyCount "71"]

1.Nf3 Nf6 2.c4 e6 3.g3 a6 4.b3 b5 5.Nc3 d5 6.cxd5 exd5 7.d4 Ne4 8.Bd2 b4 
9.Na4 Bd6 10.Bg2 Bd7 11.O-O O-O 12.Nc5 Nxc5 13.dxc5 Bxc5 14.Bg5 Be7 15.
Qxd5 c6 16.Bxe7 Qxe7 17.Qe5 Re8 18.Qxe7 Rxe7 19.Nd4 a5 20.a3 bxa3 21.Rxa3 
Ra6 22.Rc1 Be8 23.e3 Re5 24.Bf1 Ra7 25.b4 a4 26.Bg2 g6 27.b5 cxb5 28.Rc8 
b4 29.Ra1 Nd7 30.Nc6 Nb6 31.Rb8 Re6 32.Nxa7 b3 33.Nc6 b2 34.Rf1 Nc4 35.Bd5
Nd2 36.Bxe6 1-0

[Event "2nd GMA World Cup prel  #3"]
[Site "Palma de Mallorca"]
[Date "1989.??.??"]
[Round "4"]
[White "Schussler, Harry"]
[Black "Sorokin, Maxim"]
[Result "1/2-1/2"]
[WhiteElo "2540"]
[BlackElo "2420"]
[EventDate "1989.12.??"]
[PlyCount "71"]

1.d4 d5 2.c4 c6 3.Nf3 Nf6 4.Nc3 e6 5.cxd5 cxd5 6.Bg5 Nc6 7.a3 Be7 8.e3 Bd7
9.Bd3 Rc8 10.Rc1 O-O 11.O-O Ne8 12.Bf4 f5 13.Ne5 Nxe5 14.Bxe5 Bd6 15.Qb3 
Bc6 16.Ne2 Qd7 17.Qc3 Nf6 18.Bxd6 Qxd6 19.Qc5 Qb8 20.f3 Bd7 21.Qb4 Rxc1 
22.Rxc1 Rc8 23.Rxc8+ Qxc8 24.Qa5 Qb8 25.Qc5 b6 26.Qe7 Qf8 27.Qxf8+ Kxf8 
28.Kf2 Ke7 29.h3 g5 30.g4 fxg4 31.hxg4 h5 32.gxh5 Nxh5 33.Ba6 Kd6 34.Nc1 
e5 35.Ke2 Ng7 36.dxe5+ 1/2-1/2

[Event "2nd GMA World Cup prel  #3"]
[Site "Palma de Mallorca"]
[Date "1989.??.??"]
[Round "4"]
[White "Ree, Hans"]
[Black "Lalic, Bogdan"]
[Result "1/2-1/2"]
[WhiteElo "2460"]
[BlackElo "2500"]
[EventDate "1989.12.??"]
[PlyCount "75"]

1.c4 e5 2.Nc3 Nf6 3.Nf3 Nc6 4.g3 d5 5.cxd5 Nxd5 6.Bg2 Nb6 7.O-O Be7 8.d3 
O-O 9.Be3 Re8 10.Na4 Bf8 11.Rc1 Nd4 12.Nc5 Nxf3+ 13.Bxf3 Nd5 14.Qb3 Nxe3 
15.fxe3 Bxc5 16.Rxc5 Qe7 17.Qc3 c6 18.b4 a6 19.a4 Bd7 20.b5 axb5 21.axb5 
Qg5 22.d4 cxb5 23.Bxb7 Rad8 24.Bd5 Be6 25.Bc6 b4 26.Qd3 Re7 27.d5 g6 28.
Rb1 Bd7 29.e4 Bxc6 30.Rxc6 Rb7 31.Rb3 h5 32.h4 Qe7 33.Kg2 Ra8 34.Qc4 Kg7 
35.d6 Qd7 36.Qc5 Re8 37.Rc7 Qb5 38.Qxb5 1/2-1/2

[Event "2nd GMA World Cup prel  #3"]
[Site "Palma de Mallorca"]
[Date "1989.??.??"]
[Round "4"]
[White "Gheorghiu, Florin"]
[Black "Klaric, Zlatko"]
[Result "1/2-1/2"]
[WhiteElo "2500"]
[BlackElo "2445"]
[EventDate "1989.12.??"]
[PlyCount "30"]

1.d4 d5 2.c4 Bf5 3.Nc3 e6 4.Bf4 Bd6 5.Bxd6 Qxd6 6.e3 c6 7.Qb3 b6 8.Nf3 Nd7
9.Be2 Ngf6 10.O-O Ne4 11.Rac1 O-O 12.Rfd1 Bg4 13.Qc2 f5 14.Ne1 Bxe2 15.
Nxe2 Rf6 1/2-1/2

[Event "2nd GMA World Cup prel  #3"]
[Site "Palma de Mallorca"]
[Date "1989.??.??"]
[Round "4"]
[White "Hodgson, Julian Michael"]
[Black "Arakhamia, Ketevan"]
[Result "1-0"]
[WhiteElo "2535"]
[BlackElo "2405"]
[EventDate "1989.12.??"]
[PlyCount "67"]

1.d4 d5 2.Bg5 Nd7 3.c4 c6 4.cxd5 cxd5 5.Nc3 Ngf6 6.Qa4 e6 7.Bxf6 gxf6 8.e4
Bh6 9.exd5 O-O 10.dxe6 Nb6 11.Qc2 Qxd4 12.Bd3 fxe6 13.Bxh7+ Kh8 14.Nf3 Qg4
15.Qg6 Qxg6 16.Bxg6 Rg8 17.Bd3 Rxg2 18.Ke2 Nd5 19.Nxd5 exd5 20.Rag1 Bg4 
21.Bg6 Rxg1 22.Rxg1 f5 23.h3 Bxh3 24.Ne5 Bf4 25.Nd3 Bd6 26.f3 f4 27.Bf7 
Bd7 28.Rg6 Bc7 29.Bxd5 Bf5 30.Rf6 Re8+ 31.Kd2 Bh7 32.Bxb7 Rd8 33.Be4 Be5 
34.Rh6 1-0

[Event "2nd GMA World Cup prel  #3"]
[Site "Palma de Mallorca"]
[Date "1989.??.??"]
[Round "4"]
[White "Zaichik, Gennadi"]
[Black "Gomez Esteban, Juan Mario"]
[Result "1/2-1/2"]
[WhiteElo "2500"]
[BlackElo "2440"]
[EventDate "1989.12.??"]
[PlyCount "125"]

1.c4 e6 2.Nc3 d5 3.d4 Be7 4.cxd5 exd5 5.Bf4 Nf6 6.e3 O-O 7.Bd3 c5 8.dxc5 
Bxc5 9.Nf3 Nc6 10.O-O Bg4 11.h3 Bh5 12.g4 Bg6 13.Bxg6 hxg6 14.g5 Nh5 15.
Qxd5 Nxf4 16.exf4 Qxd5 17.Nxd5 Rfd8 18.Rfd1 a6 19.Kg2 Kf8 20.Rac1 Ba7 21.
Nc7 Rxd1 22.Rxd1 Rc8 23.Nd5 Rd8 24.Rd3 Bb8 25.Ne1 Re8 26.Nc2 Ba7 27.Kf3 
Rd8 28.Ndb4 Rxd3+ 29.Nxd3 Ke7 30.Ke4 Ke6 31.Ne3 Ne7 32.b4 f5+ 33.gxf6 gxf6
34.Nc5+ Bxc5 35.bxc5 f5+ 36.Kd4 Nc6+ 37.Kc4 Na5+ 38.Kd4 Nc6+ 39.Kc4 Na5+ 
40.Kb4 Nc6+ 41.Kc3 Ne7 42.Kc4 Nc6 43.h4 Na5+ 44.Kb4 Nc6+ 45.Kc3 Ne7 46.Kc4
Nc6 47.a3 Na5+ 48.Kb4 Nc6+ 49.Ka4 Kd7 50.Nc4 Ke6 51.Ne5 Nxe5 52.fxe5 Kxe5 
53.Ka5 Kd4 54.Kb6 a5 55.a4 f4 56.f3 Kd5 57.c6 bxc6 58.Kxa5 c5 59.Kb5 c4 
60.a5 c3 61.a6 c2 62.a7 c1=Q 63.a8=Q+ 1/2-1/2

[Event "2nd GMA World Cup prel  #3"]
[Site "Palma de Mallorca"]
[Date "1989.??.??"]
[Round "4"]
[White "Kaidanov, Grigory"]
[Black "Panchenko, Alexander"]
[Result "1/2-1/2"]
[WhiteElo "2500"]
[BlackElo "2430"]
[EventDate "1989.12.??"]
[PlyCount "103"]

1.d4 Nf6 2.c4 e6 3.Nc3 Bb4 4.Qc2 O-O 5.Nf3 c5 6.dxc5 Na6 7.g3 Nxc5 8.Bg2 
Nce4 9.O-O Nxc3 10.bxc3 Be7 11.e4 d6 12.e5 dxe5 13.Nxe5 Qc7 14.Qe2 Nd7 15.
Bf4 Nxe5 16.Bxe5 Bd6 17.Bxd6 Qxd6 18.Rfd1 Qc7 19.Rab1 Rb8 20.Qe3 b6 21.c5 
Bd7 22.Qd4 bxc5 23.Qc4 Rb6 24.Rxb6 axb6 25.Qd3 Ba4 26.Qd6 Qxd6 27.Rxd6 Rb8
28.Bb7 Kf8 29.Rxb6 Ke7 30.Ra6 Rxb7 31.Rxa4 Kd6 32.Kg2 g5 33.h4 h6 34.hxg5 
hxg5 35.Kf3 f5 36.Ke3 Rb2 37.Ra6+ Kd5 38.c4+ Kxc4 39.Rxe6 f4+ 40.Kf3 Rxa2 
41.gxf4 gxf4 42.Re4+ Kb3 43.Rxf4 c4 44.Rf8 c3 45.Rb8+ Kc2 46.Ke3 Kc1 47.f4
c2 48.Rc8 Ra3+ 49.Ke4 Kb2 50.Rxc2+ Kxc2 51.f5 Kc3 52.f6 1/2-1/2

[Event "2nd GMA World Cup prel  #3"]
[Site "Palma de Mallorca"]
[Date "1989.??.??"]
[Round "4"]
[White "Spiridonov, Nikola"]
[Black "Rivas Pastor, Manuel"]
[Result "1-0"]
[WhiteElo "2400"]
[BlackElo "2525"]
[EventDate "1989.12.??"]
[PlyCount "61"]

1.c4 Na6 2.g3 g6 3.Bg2 Bg7 4.Nc3 e5 5.d3 Nc5 6.e3 Ne6 7.Nge2 h5 8.h4 Ne7 
9.Nd5 Nxd5 10.cxd5 Nc5 11.d4 exd4 12.exd4 Na6 13.Bg5 f6 14.Be3 Qe7 15.a3 
Nb8 16.Qc2 Kf7 17.Nf4 Rh6 18.Qxc7 Na6 19.Qc4 Qd6 20.O-O b5 21.Qxb5 Rb8 22.
Qa5 Rh8 23.Nd3 Qb6 24.Qxb6 Rxb6 25.b4 d6 26.Rac1 Bf5 27.Nb2 Rhb8 28.Nc4 
Bd3 29.Nxb6 Bxf1 30.Bxf1 Rxb6 31.b5 1-0

[Event "2nd GMA World Cup prel  #3"]
[Site "Palma de Mallorca"]
[Date "1989.??.??"]
[Round "4"]
[White "Dorfman, Iosif"]
[Black "Voiska, Margarita"]
[Result "1/2-1/2"]
[WhiteElo "2585"]
[BlackElo "2335"]
[EventDate "1989.12.??"]
[PlyCount "166"]

1.c4 e5 2.g3 Nc6 3.Bg2 g6 4.Nc3 Bg7 5.Rb1 a5 6.d3 f5 7.Nf3 Nf6 8.Bg5 O-O 
9.Qc1 d6 10.h4 Qe8 11.Bxf6 Bxf6 12.Nd5 Bd8 13.Qh6 Qf7 14.h5 Qg7 15.hxg6 
hxg6 16.Qc1 g5 17.g4 e4 18.dxe4 f4 19.Qc3 Ne5 20.Nxe5 dxe5 21.Qh3 c6 22.
Nc3 Be6 23.b3 Be7 24.Na4 Kf7 25.Qh5+ Kf6 26.Qh6+ Kf7 27.Nb2 Qxh6 28.Rxh6 
Rh8 29.Rxh8 Rxh8 30.Nd3 Kf6 31.f3 Bb4+ 32.Kd1 Rh2 33.Bf1 Bc3 34.Kc2 Bd4 
35.c5 Be3 36.a3 Rh8 37.Bg2 Bd4 38.Rh1 Rxh1 39.Bxh1 Be3 40.Bg2 Bf7 41.Bf1 
Be6 42.Kc3 Bd4+ 43.Kc2 Bg8 44.b4 a4 45.e3 Bb3+ 46.Kb1 Bxe3 47.Be2 Bd2 48.
Nb2 Bc3 49.Nc4 Bxc4 50.Bxc4 Ke7 51.Bd3 Kd7 52.Bc2 Kc7 53.Bxa4 Be1 54.Kc2 
Bf2 55.Kd3 Kd7 56.Bb3 Be1 57.Bg8 Kc7 58.Kc4 Bd2 59.a4 Be1 60.Kb3 Bd2 61.a5
Kb8 62.Ka4 Be3 63.Bf7 Bf2 64.Bc4 Ka7 65.Bd3 Be3 66.Ka3 Bf2 67.Kb3 Be1 68.
Bc2 Bd2 69.Bd1 Be1 70.Ka3 Kb8 71.Ba4 Kc7 72.Bb3 Kb8 73.Be6 Bd2 74.Bd7 Kc7 
75.Be8 Be1 76.Bf7 Kb8 77.Ka4 Bf2 78.Bc4 Ka7 79.Bb3 Be3 80.Bc2 Bf2 81.Kb3 
Kb8 82.Kc4 Be1 83.Ba4 Kc7 1/2-1/2

[Event "2nd GMA World Cup prel  #3"]
[Site "Palma de Mallorca"]
[Date "1989.??.??"]
[Round "4"]
[White "Renet, Olivier"]
[Black "Mellado Trivino, Juan"]
[Result "1-0"]
[WhiteElo "2515"]
[BlackElo "2400"]
[EventDate "1989.12.??"]
[PlyCount "67"]

1.e4 e6 2.d4 d5 3.e5 Bd7 4.Nf3 a6 5.Nbd2 c5 6.dxc5 Bxc5 7.Bd3 Ne7 8.Nb3 
Bb6 9.Bf4 Nbc6 10.O-O Ng6 11.Bg3 O-O 12.Bxg6 hxg6 13.Re1 Ne7 14.Nbd4 Rc8 
15.c3 Bc5 16.Qd2 b5 17.Bf4 a5 18.Nb3 Bb6 19.Be3 Rc4 20.Rac1 Nf5 21.Bxb6 
Qxb6 22.Nbd4 b4 23.Nxf5 gxf5 24.Qg5 Rfc8 25.Qh5 Be8 26.Ng5 bxc3 27.bxc3 
Rxc3 28.Rcd1 Rc2 29.Rf1 Qb2 30.Qh7+ Kf8 31.Qh8+ Ke7 32.Qxg7 Rc1 33.Nxf7 
Rxd1 34.Ng5+ 1-0

[Event "2nd GMA World Cup prel  #3"]
[Site "Palma de Mallorca"]
[Date "1989.??.??"]
[Round "4"]
[White "Rantanen, Yrjo"]
[Black "Todorcevic, Miodrag"]
[Result "1/2-1/2"]
[WhiteElo "2380"]
[BlackElo "2530"]
[EventDate "1989.12.??"]
[PlyCount "101"]

1.e4 g6 2.d4 Bg7 3.Nc3 d6 4.Be3 c6 5.a4 a5 6.h3 Nf6 7.Nf3 O-O 8.Be2 Nbd7 
9.O-O e5 10.dxe5 dxe5 11.Nd2 Qe7 12.Nc4 Ne8 13.Qd2 f5 14.f3 f4 15.Bf2 g5 
16.Rad1 Rf6 17.Na2 h5 18.Nc1 Rg6 19.Nd3 Kh7 20.g4 fxg3 21.Bxg3 Qe6 22.Nf2 
Bf8 23.Qc3 Bb4 24.Qe3 Nef6 25.Qb3 Bc5 26.Kg2 Bd4 27.Rh1 Nc5 28.Qa3 b5 29.
Rxd4 b4 30.Qe3 exd4 31.Qxd4 Ncd7 32.e5 Nd5 33.Bd3 Ba6 34.b3 Rg8 35.Kf1 c5 
36.Bxg6+ Rxg6 37.Qd3 N7b6 38.Ne4 Nxc4 39.bxc4 Bxc4 40.Nxg5+ Kg8 41.Nxe6 
Bxd3+ 42.cxd3 Rxe6 43.Ke2 Rg6 44.Bf2 b3 45.Kd2 b2 46.Kc2 Nb4+ 47.Kxb2 
Nxd3+ 48.Kc2 Nxf2 49.Rh2 Re6 50.Rxf2 Rxe5 51.Kd3 1/2-1/2

[Event "2nd GMA World Cup prel  #3"]
[Site "Palma de Mallorca"]
[Date "1989.??.??"]
[Round "4"]
[White "Ubilava, Elizbar"]
[Black "San Segundo Carrillo, Pablo"]
[Result "1-0"]
[WhiteElo "2525"]
[BlackElo "2375"]
[EventDate "1989.12.??"]
[PlyCount "101"]

1.c4 Nf6 2.Nc3 e5 3.d3 d6 4.g3 g6 5.Bg2 Bg7 6.e4 Bg4 7.f3 Be6 8.Nge2 c6 9.
f4 Qb6 10.Rf1 exf4 11.gxf4 Bg4 12.h3 Bh5 13.Qb3 Na6 14.Qxb6 axb6 15.Be3 
Nb4 16.Kd2 Bxe2 17.Nxe2 Nd7 18.Nc3 c5 19.a3 Nc6 20.Nb5 Ke7 21.Kc2 Rac8 22.
h4 Nd4+ 23.Bxd4 cxd4 24.Bh3 Rc5 25.Bg4 h5 26.Bxd7 Kxd7 27.b4 Rcc8 28.e5 f6
29.Nxd6 Rcf8 30.Rg1 fxe5 31.Rxg6 exf4 32.Ne4 Be5 33.Rxb6 f3 34.Rxb7+ Bc7 
35.Nc5+ Kc8 36.Rxc7+ Kxc7 37.Ne6+ Kd6 38.Nxf8 Rxf8 39.Rf1 Ke5 40.a4 Kf4 
41.a5 Ra8 42.c5 Ra6 43.Kb3 Ke3 44.Kc4 f2 45.Rxf2 Kxf2 46.Kxd4 Kg3 47.b5 
Rxa5 48.c6 Ra4+ 49.Ke5 Rb4 50.c7 Rxb5+ 51.Kd4 1-0

[Event "2nd GMA World Cup prel  #3"]
[Site "Palma de Mallorca"]
[Date "1989.??.??"]
[Round "4"]
[White "Ghitescu, Theodor"]
[Black "Vukic, Milan"]
[Result "1/2-1/2"]
[WhiteElo "2390"]
[BlackElo "2500"]
[EventDate "1989.12.??"]
[PlyCount "32"]

1.d4 Nf6 2.c4 g6 3.Nc3 Bg7 4.e4 d6 5.Nf3 O-O 6.Be2 e5 7.Be3 Ng4 8.Bg5 f6 
9.Bh4 Nc6 10.d5 Ne7 11.Nd2 Nh6 12.f3 c5 13.Bf2 f5 14.h4 f4 15.a3 Kh8 16.b4
b6 1/2-1/2

[Event "2nd GMA World Cup prel  #3"]
[Site "Palma de Mallorca"]
[Date "1989.??.??"]
[Round "4"]
[White "Sokolov, Ivan"]
[Black "Maric, Alisa"]
[Result "1/2-1/2"]
[WhiteElo "2525"]
[BlackElo "2355"]
[EventDate "1989.12.??"]
[PlyCount "114"]

1.d4 d5 2.c4 e6 3.Nc3 Be7 4.Nf3 Nf6 5.Bg5 h6 6.Bh4 O-O 7.e3 b6 8.Rc1 Bb7 
9.Bxf6 Bxf6 10.cxd5 exd5 11.Bd3 c5 12.O-O Nd7 13.Bf5 Re8 14.Qa4 Nf8 15.
Rfd1 Ne6 16.dxc5 Nxc5 17.Qg4 Qe7 18.h3 Rad8 19.Nd4 g6 20.Bc2 Bg7 21.a3 Rc8
22.Rd2 Red8 23.Rcd1 h5 24.Qe2 Ne6 25.Ncb5 Ba6 26.Nxe6 Qxe6 27.Bb3 Rc5 28.
a4 Bxb5 29.axb5 Qe4 30.Bc2 Qb4 31.Bd3 Rdc8 32.Qf3 Rc1 33.Kh2 Rxd1 34.Rxd1 
Qxb2 35.Qxd5 Qe5+ 36.Qxe5 Bxe5+ 37.f4 Bb2 38.Be2 Rc7 39.e4 Kg7 40.e5 Bc1 
41.Kg3 Rc3+ 42.Bd3 g5 43.fxg5 Bxg5 44.Kf3 Bd8 45.Kf4 Bc7 46.Kg5 Bxe5 47.
Kxh5 Bf4 48.Be4 Rc4 49.Bf3 Rc5+ 50.Kg4 Bh6 51.Be2 Rc2 52.Kf3 Rc3+ 53.Kf2 
Be3+ 54.Kg3 Bh6+ 55.Bf3 Rc5 56.Be2 Rc3+ 57.Bd3 Rc1 1/2-1/2

[Event "2nd GMA World Cup prel  #3"]
[Site "Palma de Mallorca"]
[Date "1989.??.??"]
[Round "4"]
[White "Kovacevic, Vladimir"]
[Black "Gurieli, Nino"]
[Result "1-0"]
[WhiteElo "2515"]
[BlackElo "2355"]
[EventDate "1989.12.??"]
[PlyCount "71"]

1.d4 Nf6 2.Nf3 g6 3.Bg5 Bg7 4.e3 O-O 5.Be2 c5 6.c3 Ne4 7.Bh4 d5 8.Nbd2 Bf5
9.Qb3 Qd7 10.Nxe4 Bxe4 11.dxc5 Nc6 12.O-O h6 13.Rad1 g5 14.Bg3 e5 15.h4 
Qe7 16.hxg5 hxg5 17.Nd2 Bg6 18.Qxd5 Bc2 19.Ne4 Rad8 20.Nd6 Bxd1 21.Rxd1 e4
22.Qf5 Be5 23.Nxe4 Rxd1+ 24.Bxd1 Rd8 25.Bb3 Kg7 26.Nxg5 Qf6 27.Qh7+ Kf8 
28.Qxf7+ Qxf7 29.Nxf7 Re8 30.Nxe5 Nxe5 31.Bd5 Nd3 32.b4 a5 33.Bxb7 axb4 
34.cxb4 Nxb4 35.c6 Nd5 36.a4 1-0

[Event "2nd GMA World Cup prel  #3"]
[Site "Palma de Mallorca"]
[Date "1989.??.??"]
[Round "4"]
[White "Illescas Cordoba, Miguel"]
[Black "Gurgenidze, Bukhuti"]
[Result "1/2-1/2"]
[WhiteElo "2510"]
[BlackElo "2360"]
[EventDate "1989.12.??"]
[PlyCount "63"]

1.e4 c5 2.Nf3 Nc6 3.d4 cxd4 4.Nxd4 Nf6 5.Nc3 e5 6.Ndb5 d6 7.Bg5 a6 8.Na3 
b5 9.Bxf6 gxf6 10.Nd5 f5 11.c3 Bg7 12.exf5 Bxf5 13.Nc2 O-O 14.Nce3 Be6 15.
g3 b4 16.Bg2 bxc3 17.bxc3 f5 18.O-O Rc8 19.Rb1 Kh8 20.Nb6 Rb8 21.Bxc6 Rxb6
22.Bd5 Bc8 23.Nc4 Rb5 24.Rxb5 axb5 25.Na3 Qa5 26.Qb3 Bd7 27.Rb1 e4 28.Nxb5
Bxb5 29.Qxb5 Qxc3 30.Qc4 Qxc4 31.Bxc4 Bd4 32.Bd5 1/2-1/2

[Event "2nd GMA World Cup prel  #3"]
[Site "Palma de Mallorca"]
[Date "1989.??.??"]
[Round "4"]
[White "Izeta Txabarri, Felix"]
[Black "Suba, Mihai"]
[Result "1/2-1/2"]
[WhiteElo "2340"]
[BlackElo "2500"]
[EventDate "1989.12.??"]
[PlyCount "127"]

1.d4 Nf6 2.Nf3 e6 3.c4 c5 4.Nc3 cxd4 5.Nxd4 Bb4 6.Nb5 O-O 7.Bf4 Nc6 8.Bc7 
Qe7 9.Bd6 Bxd6 10.Qxd6 Qd8 11.O-O-O a6 12.Nd4 Nxd4 13.Qxd4 b5 14.e4 bxc4 
15.e5 Ne8 16.Bxc4 Rb8 17.f4 Rb6 18.Kb1 Qc7 19.Bb3 Qb8 20.f5 d6 21.Rhe1 Rb4
22.Qe3 exf5 23.exd6 Nf6 24.Qd2 f4 25.Re7 Bf5+ 26.Ka1 Bg4 27.Rde1 Rb6 28.
Qxf4 Rxd6 29.Qg3 Bh5 30.Ne4 Nxe4 31.R7xe4 Bg6 32.Re7 Qd8 33.Qe5 h6 34.h4 
Rc6 35.a3 Qd2 36.Qe3 Qxe3 37.R7xe3 h5 38.Re5 Kh7 39.Ka2 Rd6 40.g3 Rb8 41.
R1e2 Rd3 42.Bc2 Rxg3 43.Rxh5+ Kg8 44.Bxg6 Rxg6 45.b4 Rg4 46.Kb3 g6 47.Ra5 
Rb6 48.h5 Rg3+ 49.Ka4 Rf3 50.Rg5 Kg7 51.hxg6 fxg6 52.Reg2 Rbf6 53.R2g3 
Rxg3 54.Rxg3 Rf5 55.Rc3 g5 56.Rc7+ Kg6 57.Rc6+ Rf6 58.Rc8 g4 59.Ka5 Kg5 
60.a4 g3 61.Rc1 Kh4 62.b5 axb5 63.axb5 g2 64.Rg1 1/2-1/2

[Event "2nd GMA World Cup prel  #3"]
[Site "Palma de Mallorca"]
[Date "1989.??.??"]
[Round "4"]
[White "Byrne, Robert"]
[Black "Veroci-Petronic, Zsuzsa"]
[Result "1/2-1/2"]
[WhiteElo "2465"]
[BlackElo "2340"]
[EventDate "1989.12.??"]
[PlyCount "122"]

1.e4 e5 2.Nf3 Nc6 3.Bb5 a6 4.Ba4 Nf6 5.O-O Be7 6.Re1 b5 7.Bb3 d6 8.c3 O-O 
9.h3 Be6 10.d4 Bxb3 11.Qxb3 d5 12.exd5 Na5 13.Qc2 exd4 14.cxd4 Nxd5 15.Nc3
c6 16.Ne4 Rc8 17.Nc5 Re8 18.Nxa6 Ra8 19.Nc5 Bxc5 20.Rxe8+ Qxe8 21.dxc5 Nb4
22.Qd1 Rd8 23.Qf1 Nd3 24.b3 Nb7 25.Be3 Ndxc5 26.Nd4 Ne6 27.Nxe6 Qxe6 28.
Rc1 Qd5 29.Qe2 Rd6 30.Bf4 Re6 31.Qc2 c5 32.Rd1 Qc6 33.Qf5 c4 34.bxc4 bxc4 
35.Rc1 h6 36.Be3 Nd6 37.Qc5 Qe4 38.Kh2 Qd3 39.a4 Qe4 40.a5 f5 41.Rd1 Nb7 
42.Qc7 Qc6 43.Qf4 Nxa5 44.Qxf5 Nb7 45.Rb1 Rf6 46.Qe5 Nd6 47.Rb6 Qe4 48.Bd4
Qxe5+ 49.Bxe5 Nc8 50.Rxf6 gxf6 51.Bxf6 Nd6 52.Kg1 Ne4 53.Bd4 c3 54.Kf1 c2 
55.Be3 Kh7 56.Ke2 Kg6 57.g4 h5 58.f3 Nc3+ 59.Kd2 Nd5 60.Ba7 Nf4 61.h4 Nd3 
1/2-1/2

[Event "2nd GMA World Cup prel  #3"]
[Site "Palma de Mallorca"]
[Date "1989.??.??"]
[Round "4"]
[White "Velikov, Petar"]
[Black "Denker, Arnold"]
[Result "1-0"]
[WhiteElo "2480"]
[BlackElo "2320"]
[EventDate "1989.12.??"]
[PlyCount "75"]

1.Nf3 Nf6 2.c4 c5 3.g3 Nc6 4.d4 cxd4 5.Nxd4 g6 6.Bg2 Bg7 7.Nc3 O-O 8.O-O 
Qb6 9.Nb3 d6 10.Be3 Qc7 11.Rc1 Be6 12.Nd5 Qd7 13.Bg5 Rac8 14.Nxf6+ exf6 
15.Be3 Ne5 16.c5 Nc4 17.Bf4 d5 18.e4 Nxb2 19.Qd2 Nc4 20.Qb4 dxe4 21.Bxe4 
a5 22.Nxa5 Nxa5 23.Qxa5 Rfd8 24.Bf3 Bd5 25.Rfd1 Qc6 26.Rxd5 Rxd5 27.Qb4 
Bf8 28.Bxd5 Qxd5 29.Be3 f5 30.a4 Be7 31.a5 h5 32.h4 Qf3 33.Qd4 Rd8 34.Qe5 
Bf8 35.Bd4 Rxd4 36.Qxd4 Bh6 37.Re1 Kh7 38.Re7 1-0

[Event "2nd GMA World Cup prel  #3"]
[Site "Palma de Mallorca"]
[Date "1989.??.??"]
[Round "4"]
[White "Magerramov, Elmar"]
[Black "Nikolic, Stanimir"]
[Result "1-0"]
[WhiteElo "2470"]
[BlackElo "2320"]
[EventDate "1989.12.??"]
[PlyCount "79"]

1.d4 Nf6 2.c4 e6 3.Nf3 b6 4.g3 Bb7 5.Bg2 Be7 6.Nc3 O-O 7.Qc2 c5 8.d5 exd5 
9.Ng5 h6 10.Nxd5 Bxd5 11.Bxd5 Nc6 12.Bxc6 dxc6 13.Nf3 Re8 14.Bf4 Qc8 15.
O-O Qe6 16.Rad1 Bf8 17.Rfe1 Qh3 18.e4 Ng4 19.e5 Re6 20.Re4 Rae8 21.Rde1 g5
22.Bd2 Bg7 23.Bc3 b5 24.b3 b4 25.Bb2 a5 26.Qd3 Bf8 27.a4 Bg7 28.Qf1 Qh5 
29.h3 Nf6 30.exf6 Rxe4 31.Rxe4 Rxe4 32.Qd3 Re8 33.fxg7 Qxh3 34.Ne5 Qe6 35.
Qf3 Rd8 36.Nxc6 Qe1+ 37.Kg2 Re8 38.Qd5 Re6 39.Be5 Re8 40.Ne7+ 1-0

[Event "2nd GMA World Cup prel  #3"]
[Site "Palma de Mallorca"]
[Date "1989.??.??"]
[Round "4"]
[White "Radulov, Ivan"]
[Black "Comas i Fabrego, Lluis"]
[Result "1-0"]
[WhiteElo "2450"]
[BlackElo "2335"]
[EventDate "1989.12.??"]
[PlyCount "91"]

1.Nf3 Nf6 2.g3 g6 3.Bg2 Bg7 4.O-O O-O 5.d4 d6 6.c4 Nbd7 7.Nc3 e5 8.h3 Re8 
9.e4 exd4 10.Nxd4 Nc5 11.Re1 c6 12.Qc2 Nfd7 13.Be3 a5 14.b3 Qb6 15.Rab1 
Qc7 16.a3 Nf8 17.b4 axb4 18.axb4 Nce6 19.Nb3 Nd7 20.Red1 Ne5 21.Ne2 Nf8 
22.f4 Ned7 23.Bd4 Bxd4+ 24.Nbxd4 Qb6 25.Kh2 Ra3 26.Nc3 Nf6 27.Qb2 Ra8 28.
b5 Bd7 29.bxc6 Qxb2 30.Rxb2 bxc6 31.Nc2 Re6 32.c5 dxc5 33.e5 Ne8 34.Ne4 
Ra5 35.Ne3 Re7 36.Rb7 Kg7 37.Nc4 Rb5 38.Ra7 f6 39.Rd2 Rb4 40.e6 Rxe6 41.
Nxc5 Re7 42.Na5 Rf7 43.Nxd7 Ra4 44.Bxc6 Ra3 45.Ra8 Nd6 46.Nxf8 1-0

[Event "2nd GMA World Cup prel  #3"]
[Site "Palma de Mallorca"]
[Date "1989.??.??"]
[Round "4"]
[White "Erenska-Radzewska, Hanna"]
[Black "Ruban, Vadim"]
[Result "0-1"]
[WhiteElo "2265"]
[BlackElo "2515"]
[EventDate "1989.12.??"]
[PlyCount "108"]

1.e4 c5 2.Nf3 d6 3.d4 cxd4 4.Nxd4 Nf6 5.Nc3 Nc6 6.Be2 e5 7.Nf3 h6 8.O-O 
Be7 9.Re1 O-O 10.h3 Be6 11.Bf1 Nb8 12.Na4 Qc7 13.b3 Bd7 14.Nb2 Bc6 15.Bd3 
Nbd7 16.c4 Nc5 17.Nd2 b5 18.Qe2 b4 19.Bc2 a5 20.a3 Qb7 21.Nd1 a4 22.axb4 
Nxb3 23.Bxb3 axb3 24.Rxa8 Rxa8 25.b5 Bxe4 26.f4 Bc2 27.Bb2 e4 28.Nc3 d5 
29.cxd5 Bb4 30.Qc4 Bxc3 31.Qxc3 Qxd5 32.b6 Rb8 33.Nf1 Rxb6 34.Ne3 Qe6 35.
Qd4 Rb8 36.Kh1 Qd7 37.Qc3 Rc8 38.Qa5 Ne8 39.Ra1 f6 40.Qb4 Qd6 41.Qb7 Rb8 
42.Qa7 Qxf4 43.Nd5 Qd6 44.Ra6 Qd8 45.Ne7+ Kh7 46.Qc5 Qd1+ 47.Kh2 Qd7 48.
Kh1 Rb7 49.Qf5+ Qxf5 50.Nxf5 Rd7 51.Nd4 Nc7 52.Rc6 Nd5 53.Nxc2 bxc2 54.
Rxc2 Ne3 0-1